Parientes lejanos : (Record no. 96366)

MARC details
000 -CABECERA
campo de control de longitud fija 00747nam a2200217 a 4500
005 - FECHA Y HORA DE LA ÚLTIMA TRANSACCIÓN
campo de control 20220622063517.0
008 - ELEMENTOS DE LONGITUD FIJA--INFORMACIÓN GENERAL
campo de control de longitud fija 030514s2003 es r 000 0 spa d
020 ## - NÚMERO INTERNACIONAL NORMALIZADO PARA LIBROS
Número Internacional Estándar del Libro 8495642263
035 ## - NÚMERO DE CONTROL DEL SISTEMA
Número de control de sistema UPN01000124187
049 ## - COLECCIÓN
Colección CG
050 #4 - SIGNATURA TOPOGRÁFICA DE LA BIBLIOTECA DEL CONGRESO
Número de clasificación PN6071 A7
Número de documento/Ítem P3.7
245 00 - MENCIÓN DE TÍTULO
Título Parientes lejanos :
Resto del título cuentos de animales /
Mención de responsabilidad, etc. Miguel Delibes ... [et al.] ; pról. Alberto Ruy Sánchez ; selec. Viviana Paletta.
260 ## - PUBLICACIÓN, DISTRIBUCIÓN, ETC.
Lugar de publicación, distribución, etc. Madrid :
Nombre del editor, distribuidor, etc. Páginas de Espuma,
Fecha de publicación, distribución, etc. 2003.
300 ## - DESCRIPCIÓN FÍSICA
Extensión 206 p. :
Otras características físicas il.
440 #0 - MENCIÓN DE SERIE/ASIENTO SECUNDARIO--TÍTULO
Título Narrativa breve ;
Designación de volumen o secuencia 10
650 #7 - ASIENTO SECUNDARIO DE MATERIA - TERMINO TEMATICO
Término de materia o nombre geográfico como elemento de entrada Animales en la literatura
Fuente del encabezamiento o término
9 (RLIN) 1055
650 #0 - ASIENTO SECUNDARIO DE MATERIA - TERMINO TEMATICO
Término de materia o nombre geográfico como elemento de entrada Animales
Subdivisión de forma Cuentos y leyendas
9 (RLIN) 234
700 1# - ASIENTO SECUNDARIO--NOMBRE DE PERSONAL
Nombre de persona Delibes, Miguel,
Fechas asociadas al nombre 1920-2010
Término indicativo de función/relación coaut.
9 (RLIN) 31790
700 1# - ASIENTO SECUNDARIO--NOMBRE DE PERSONAL
Nombre de persona Paletta, Viviana,
Fechas asociadas al nombre 1967-
Término indicativo de función/relación comp.
9 (RLIN) 31789
905 ## - TIPO DE MATERIAL
Tipo de material Libro
Holdings
Estado de retiro Estado de pérdida Fuente del sistema de clasificación o colocación Estado dañado No para préstamo Código de colección Localización permanente Ubicación/localización actual Ubicación en estantería Total de préstamos Clasificación Código de barras Fecha visto por última vez Número de copia Tipo de ítem Koha
    Library of Congress Classification     Colección General Bib. Gregorio Torres Quintero Bib. Gregorio Torres Quintero Planta baja 1 PN6071 A7 P3.7 263241 31/12/2020 1 Libro